01426nmc a2200445 a 4500003000900000005001700009008004100026020001800067040001300085100001800098245020800116260004700324300001600371490002300387500005200410600002200462600002000484600001700504600002100521600002600542600002800568600002000596600002500616600001700641600001700658600001900675600001600694600002900710600002000739600003300759650002500792650002200817650001500839650002900854650002300883650001100906650002400917653002400941655001500965AR-BaBNM20251128205921.0108019s1996 ||||||||||||||000 | spa|| a950-549-368-1 cAR-BaBNM1 aUlla, Noemí10aLa insurrección literariabde lo coloquial en la narrativa rioplatense de 1960 y 1970 : Puig, Ocampo, Cortázar, Bioy Casares, Somers, Ricci, Rozenmacher, Viñas, Peri Rossi, Benedetti, Mujica Lainez aBuenos AiresbTorres Agüero Editorc1996 a252 p.bil. 0aMemoria del tiempo aContiene referencias bibliográficas en p. 24714aCortázar, Julio14aOcampo, Silvina14aPuig, Manuel14aBenedetti, Mario14aRozenmacher, Germán14aMujica Láinez, Manuel14aSomers, Armonia14aPeri Rossi, Cristina14aRamos, Celia14aRicci, Julio14aViñas, David14aRama, Angel14aArguedas, José María14aCollazos, Oscar14aFernández Retamar, Roberto 4aLITERATURA ARGENTINA 4aCRITICA LITERARIA 4aESCRITORES 4aLITERATURA CONTEMPORANEA 4aIDENTIDAD CULTURAL 4aENSAYO 4aCULTURAS LITERARIAS aLITERATURA URUGUAYA aLITERATURA